Revisitando Malvinas : memoria, historia y escuela /
Guardado en:
| Otros Autores: | , |
|---|---|
| Formato: | Libro |
| Publicado: |
Bahía Blanca :
Ediuns,
2018
|
| Materias: | |
| Etiquetas: |
Agregar Etiqueta
Sin Etiquetas, Sea el primero en etiquetar este registro!
|
| LEADER | 00740nam a22002055a 4500 | ||
|---|---|---|---|
| 001 | EHU.bham045680 | ||
| 008 | 130507s2018##################000#0#####d | ||
| 005 | 20231221080747.0 | ||
| 245 | 0 | 0 | |a Revisitando Malvinas : |b memoria, historia y escuela / |c coord. por Laura Cristina Del Valle. |
| 260 | |a Bahía Blanca : |b Ediuns, |c 2018 | ||
| 300 | |a 139 p. | ||
| 020 | |a 9789876552110 | ||
| 700 | 1 | |a Valle, Laura Cristina del, coord. | |
| 700 | 1 | |a Santos La Rosa, Mariano | |
| 082 | 3 | 7 | |a 371.982 R327 |
| 653 | |a Isla Malvinas-historia de las | ||
| 653 | |a Historia argentina-islas Malvinas | ||
| 653 | |a Malvinas-Guerra de | ||
| 653 | |a Islas Malvinas-educación-enseñanza-aprendizaje | ||
| 859 | |a AR-BHAM |b BIB. HUMANIDADES - General |h 371.982 |i R327 |p 3800.19 |t Ej.1 | ||
